Liga 2016-17 Logos - Statistics

General Stats
  • This quiz has been taken 1,087 times
  • The average score is 16 of 20
Answer Stats
Crest Team % Correct
FC Barcelona
94%
Real Madrid
92%
Valencia CF
91%
Atlético Madrid
90%
Sevilla FC
89%
Real Betis
88%
Celta Vigo
86%
Real Sociedad
85%
Athletic Bilbao
84%
RCD Espanyol
81%
Deportivo Alavés
78%
CA Osasuna
77%
Málaga CF
77%
SD Eibar
72%
Deportivo La Coruña
71%
Villarreal CF
68%
Granada CF
67%
UD Las Palmas
67%
CD Leganés
56%
Sporting Gijón
56%
No matching quizzes found
Score Distribution
Percent of People with Each Score
Percentile by Number Answered
Your Score History
You have not taken this quiz